|
|
|
|
| LEADER |
01685nam a22004812a 4500 |
| 001 |
001442028 |
| 003 |
CZ BrMZK |
| 005 |
20160415094653.0 |
| 007 |
ta |
| 008 |
141205s1955 xo a er|||||||||||slo d |
| 040 |
|
|
|a ABA001
|b cze
|c ABA001
|d ABA001
|d ABA009
|d BOA001
|
| 041 |
1 |
|
|a slo
|h cze
|
| 072 |
|
7 |
|a 636
|x Chov zvířat. Živočišná výroba
|2 Konspekt
|9 24
|
| 080 |
|
|
|a 636
|2 MRF
|
| 100 |
1 |
|
|a Kotal, Václav
|7 jx20040902019
|4 aut
|
| 245 |
1 |
0 |
|a Chov zvierat :
|b chov veľkých hospodárských zvierat : učebný text pre poľnohospodárske majstrovské školy /
|c Václav Kotal a Alexander Jukl
|
| 250 |
|
|
|a 1. vyd.
|
| 260 |
|
|
|a Bratislava :
|b Slovenské vydavateľstvo pôdohospodárskej literatúry,
|c 1955
|
| 300 |
|
|
|a 265 s. :
|b il.
|
| 490 |
1 |
|
|a Učebnice ;
|v zv. 63
|
| 650 |
0 |
7 |
|a živočišná výroba
|2 czenas
|
| 650 |
0 |
7 |
|a zootechnika
|2 czenas
|
| 650 |
0 |
7 |
|a hospodářská zvířata
|2 czenas
|
| 650 |
0 |
7 |
|a skot
|2 czenas
|
| 650 |
0 |
7 |
|a chov skotu
|2 czenas
|
| 650 |
0 |
7 |
|a prase
|2 czenas
|
| 650 |
0 |
7 |
|a chov prasat
|2 czenas
|
| 650 |
0 |
7 |
|a kůň
|2 czenas
|
| 650 |
0 |
7 |
|a chov koní
|2 czenas
|
| 650 |
0 |
7 |
|a ovce
|2 czenas
|
| 650 |
0 |
7 |
|a chov ovcí
|2 czenas
|
| 650 |
0 |
7 |
|a kozy
|2 czenas
|
| 650 |
0 |
7 |
|a chov koz
|2 czenas
|
| 650 |
0 |
7 |
|a ustájení
|2 czenas
|
| 650 |
0 |
7 |
|a krmení
|2 czenas
|
| 650 |
0 |
7 |
|a plemenitba
|2 czenas
|
| 655 |
|
7 |
|a učebnice středních škol
|7 fd133771
|2 czenas
|
| 700 |
1 |
|
|a Jukl, Alexander
|7 jx20041014025
|4 aut
|
| 830 |
|
0 |
|a Učebnice (Slovenské vydavateľstvo pôdohospodárskej literatúry)
|
| 910 |
|
|
|a BOA001
|b 2-0351.832
|
| 990 |
|
|
|a BK
|
| 991 |
|
|
|b 201412
|
| 996 |
7 |
|
|b 2618959687
|c 2-0351.832
|l MZK
|r Sklad / do 24 hodin
|n 1
|w 001477098
|u 000010
|a 1
|e BOA001
|j MZK50
|s A
|